Laditeľný filter zvukového signálu s OTA

Gespeichert in:
Bibliographische Detailangaben
1. Verfasser: Čík, Eduard (Verfasst von)
Weitere Verfasser: Kubinec, Peter (Betreuung Doktorarbeit)
Format: Manuskript Buch
Sprache:Slowakisch
Veröffentlicht: Bratislava : STU v Bratislave FEI, 2022
Schlagworte:
Online-Zugang:https://opac.crzp.sk/?fn=detailBiblioForm&sid=72A4E145D65F5DA0B54A350B29C0&seo=CRZP-detail-kniha
Tags: Tag hinzufügen
Keine Tags, Fügen Sie das erste Tag hinzu!

MARC

LEADER 00000ntm a22000003a 4500
001 stuzp84792
003 SK-STU
005 20221006094211.2
007 ta
008 150427s2015----xo-----f-mn---000-0-slo-d
040 |a STU  |b slo 
041 0 |a slo 
044 |a xo 
100 1 |a Čík, Eduard  |u 033000  |4 aut  |U FEI Fakulta elektrotechniky a informatiky  |T FEI Ústav elektroniky a fotoniky  |X 80563  |U E030  |Y 549  |7 80563 
242 0 1 |a Tunable shelf-type audio filter controlled by OTA  |y eng 
245 1 0 |a Laditeľný filter zvukového signálu s OTA 
260 |a Bratislava :  |b STU v Bratislave FEI,  |c 2022 
300 |a 75 s. 
650 4 |a operačný transkonduktančný zosilňovač  |2 slo 
650 4 |a OTA  |2 slo 
650 4 |a shelving filter  |2 slo 
650 4 |a ekvalizér  |2 slo 
650 4 |a Baxandall  |2 slo 
650 4 |a operational transconductance amplifier  |2 eng 
650 4 |a OTA  |2 eng 
650 4 |a shelving filter  |2 eng 
650 4 |a equalizer  |2 eng 
650 4 |a Baxandall  |2 eng 
700 1 |a Kubinec, Peter  |u 033000  |k Z1  |4 ths  |U FEI Fakulta elektrotechniky a informatiky  |T FEI Ústav elektroniky a fotoniky  |X 2052  |U E030  |Y 549  |7 A000002052 
856 4 |u https://opac.crzp.sk/?fn=detailBiblioForm&sid=72A4E145D65F5DA0B54A350B29C0&seo=CRZP-detail-kniha